000 01739nam0a2200349 4500
001 RU\NLR\bibl\72195
005 20260607064824.0
010 _a5-09-009494-2
_940000
021 _aRU
_b1999-38924
_91920
035 _a(NLR Aleph) 000070447
090 _a388201
_c388201
100 _a20000225d1999 |||y0rusy50 ca
101 0 _arus
102 _aRU
105 _aa j |||||
200 1 _aМатематика
_eУчеб. для 5 кл. общеобразоват. учреждений
_f[Г.В. Дорофеев, И.Ф. Шарыгин, С.Б. Суворова и др.]
_gПод ред. Г.В. Дорофеева, И.Ф. Шарыгина
205 _a2-е изд.
210 _aМ.
_cПросвещение
_d1999
215 _a367,[1] с.
_cил., цв. ил.
_d22
320 _aПредм. указ.: с. 363-365
606 0 _aМатематика
_jРуководства, пособия и т.п. для средней школы
_9922118
_3RU\NLR\auth\6619329
606 0 _aМатематика
_jУчебные издания для средней школы
_9922118
_3RU\NLR\auth\6619329
686 _aВ10я721-1
701 1 _4570
_7ca
_8rus
_aДорофеев
_bГ. В.
_f1938-2008
_gГеоргий Владимирович
_9112221
_3RU\NLR\AUTH\772205
701 1 _4070
_7ca
_8rus
_aШарыгин
_bИ. Ф.
_f1937-2004
_gИгорь Федорович
_9116969
_3RU\NLR\auth\777026
701 1 _4070
_7ca
_8rus
_aСуворова
_bС. Б.
_cматематик
_gСветлана Борисовна
_99336
_3RU\NLR\auth\7726293
801 0 _aRU
_bNLR
_c20000225
_gPSBO
801 1 _aRU
_bNLR
_c20000225
852 _aNLR
_j99-5/4739
942 _cBOOK
980 _aNB